macroeconomics/ (Record no. 9137)

MARC details
000 -LEADER
fixed length control field 00496nam a22001937a 4500
003 - CONTROL NUMBER IDENTIFIER
control field OSt
005 - DATE AND TIME OF LATEST TRANSACTION
control field 20240710104858.0
008 - FIXED-LENGTH DATA ELEMENTS--GENERAL INFORMATION
fixed length control field 240710b |||||||| |||| 00| 0 eng d
020 ## - INTERNATIONAL STANDARD BOOK NUMBER
International Standard Book Number 0075515407
040 ## - CATALOGING SOURCE
Transcribing agency MUST
082 ## - DEWEY DECIMAL CLASSIFICATION NUMBER
Edition number 22
Classification number 339 MAC 1994
100 ## - MAIN ENTRY--PERSONAL NAME
Personal name Blomqvist, Ake
9 (RLIN) 18606
245 ## - TITLE STATEMENT
Title macroeconomics/
Statement of responsibility, etc. Ake Blomqvist ...(et al)
250 ## - EDITION STATEMENT
Edition statement 4th ed.
300 ## - PHYSICAL DESCRIPTION
Extent xxv, 475p.
Other physical details ill.
Dimensions 25cm
504 ## - BIBLIOGRAPHY, ETC. NOTE
Bibliography, etc Glossary and index included
650 ## - SUBJECT ADDED ENTRY--TOPICAL TERM
Source of heading or term Macroeconomics
942 ## - ADDED ENTRY ELEMENTS (KOHA)
Source of classification or shelving scheme Dewey Decimal Classification
Koha item type Open Shelf
Holdings
Withdrawn status Lost status Source of classification or shelving scheme Damaged status Not for loan Home library Current library Date acquired Inventory number Total Checkouts Full call number Barcode Date last seen Price effective from Koha item type
    Dewey Decimal Classification     MUST Main Library MUST Main Library 10/07/2024 05/24179   339 MAC 1994 2024-21896 10/07/2024 10/07/2024 Open Shelf